Industrialization and development : a comparative analysis (Record no. 214516)

MARC details
000 -LEADER
fixed length control field 00698nam a2200229Ia 4500
008 - FIXED-LENGTH DATA ELEMENTS--GENERAL INFORMATION
fixed length control field 191130s1998##################000#0#eng##
020 ## - INTERNATIONAL STANDARD BOOK NUMBER
ISBN 9781857285451
082 ## - DEWEY DECIMAL CLASSIFICATION NUMBER
Classification number 338.9 KIE
100 ## - MAIN ENTRY--AUTHOR NAME
Personal name Kiely, Ray
245 ## - TITLE STATEMENT
Title Industrialization and development : a comparative analysis
Statement of responsibility, etc Ray Kiely
260 ## - PUBLICATION, DISTRIBUTION, ETC. (IMPRINT)
Place of publication London ; Bristol, Pa
Name of publisher UCL Press
Year of publication 1998
300 ## - PHYSICAL DESCRIPTION
Number of Pages vii, 196 p. ; 24 cm
500 ## - GENERAL NOTE
General note Includes bibliographical references (p. 174-190) and index
650 ## - SUBJECT ADDED ENTRY--TOPICAL TERM
Topical Term Comparative economics
Topical Term Economic development
Topical Term Industrialization
991 ## -
-- 190145
Holdings
Withdrawn status Lost status Damaged status Not for loan Home library Current library Shelving location Date acquired Full call number Accession Number Price effective from Koha item type
        Anna Centenary Library Anna Centenary Library 4TH FLOOR, A WING 13.10.2020 338.9 KIE 182078 13.10.2020 English Books

Find us on the map